Universidad, conocimiento y subjetividad: relaciones de saber poder en la academia contemporánea /
El artículo reflexiona en torno a las relaciones de saber/poder que tensan la producción de subjetividades en el escenario de la universidad contemporánea. La preeminencia del capitalismo global "redefine"y/o "reconfigura" a la institución universitaria incidiendo notablemente en...
Saved in:
| Main Author: | |
|---|---|
| Format: | Text |
| Subjects: | |
| Tags: |
Add Tag
No Tags, Be the first to tag this record!
|
MARC
| LEADER | 00000 a a2200000 04500 | ||
|---|---|---|---|
| 001 | 10193 | ||
| 003 | |||
| 040 | |||
| 100 | |a Escobar, Manuel Roberto | ||
| 245 | |a Universidad, conocimiento y subjetividad: relaciones de saber poder en la academia contemporánea / |c Manuel Roberto Escobar | ||
| 520 | |a El artículo reflexiona en torno a las relaciones de saber/poder que tensan la producción de subjetividades en el escenario de la universidad contemporánea. La preeminencia del capitalismo global "redefine"y/o "reconfigura" a la institución universitaria incidiendo notablemente en sus sentidos, en la generación de conocimiento y en la constitución de identidades a su interior. Se exploran ejemplo a propósito del trabajo de investigación en la academia y de la manera de habitar la universidad por los/as jóvenes estudiantes | ||
| 650 | |a ENSEÑANZA SUPERIOR | ||
| 650 | |a CONOCIMIENTO | ||
| 650 | |a SUBJETIVIDAD | ||
| 650 | |a CAPITALISMO | ||
| 650 | |a GLOBALIZACION | ||
| 773 | |g número 27; páginas 48-61 | ||
| 999 | |c 35163 |d 35163 | ||
